| 000 | 00796nam a22002177a 4500 | ||
|---|---|---|---|
| 999 |
_c11858 _d11858 |
||
| 003 | AR-CdUCM | ||
| 008 | 190405b ||||| |||| 00| 0 eng d | ||
| 040 |
_aMUNICIPALIDAD PROVINCIAL DEL CUSCO _cBIBLIOTECA MUNICIPAL DEL CUSCO |
||
| 082 |
_aEP / 372 / _bR36 |
||
| 245 | _aEl reino de las hadas / | ||
| 260 |
_aBuenos Aires : _bSigmar, _c1962. |
||
| 300 |
_a74 paginas ; _bIlustraciones, graficos, dibujos, _c21 cm. |
||
| 440 |
_aSeleccion de cuentos famosos _n1 _929431 |
||
| 505 | _aContenido: caperucita roja -- blancanieves -- gulliver en el pais de los enanos -- el pescador y su mujer... | ||
| 650 |
_aCuentos infantiles _93927 |
||
| 650 |
_aHistoria _9136 |
||
| 650 |
_aTexto educativo _925832 |
||
| 700 |
_aMartinez Parma, M. _929432 |
||
| 942 |
_2ddc _cLIBROS |
||
| 945 |
_apjha _d2019-04-05 |
||